100 Movie Questions of Varying Difficulty - Statistics

General Stats
  • This quiz has been taken 1,149 times
    622 since last reset
  • The average score is 57 of 100
Answer Stats
# Question Answer % Correct
98 Who starred as Jack in Titanic? Leonardo DiCaprio
99%
91 What streaming service has the most users (Hint: Starts with an N)? Netflix
96%
81 What holiday does Home Alone take place during? Christmas
94%
95 Who starred as Iron Man in the Marvel Cinematic Universe? Robert Downey Jr.
92%
94 What is the highest grossing film of all time? Avatar
91%
78 What country produces the most movies ever year? India
91%
64 Which actor is known for his collaborations with Tim Burton (Starting with 1990's Edward Scissorhands)? Johnny Depp
91%
88 What actress married Brad Pitt after working on Mr. and Mrs. Smith together? Angelina Jolie
90%
77 What is the above film industry called? Bollywood
90%
99 Who created Star Wars? George Lucas
90%
79 What is the secret identity of Superman? Clark Kent
89%
87 What legendary basketball player starred in Space Jam with the Looney Tunes in 1996? Michael Jordan
89%
44 In 2023 Cillian Murphy and Margot Robbie starred in rival films. Name either. Barbie | Oppenheimer
86%
80 In the Wizard of Oz where does Dorothy Gale live? Kansas
86%
86 Who has created, starred as, directed, produced and wrote Rocky Balboa? Sylvester Stallone
86%
76 Who said "I'll be back"? The Terminator/Arnold Schwarzenegger
86%
84 Who directed Psycho, Rear Window and The Birds? Alfred Hitchcock
85%
58 What comedian played the Grinch in Ron Howard's 2000 adaptation? Jim Carrey
85%
30 What normal human trait (that people do at least 14,000 times a day) did Anthony Hopkins not do even once in the film "The Silence of the Lambs"? Blink
84%
85 What comic company is Wonder Woman based off of? DC Comics
84%
93 Who directed the above film? James Cameron
83%
96 Who wrote the book that Willy Wonka and the Chocolate Factory was based on? Roald Dahl
82%
49 What movie trilogy directed by Peter Jackson were released in 2001-2003? The Lord of the Rings
82%
97 Who was the first actor to play James Bond? Sean Connery
81%
61 What was Pixar's first film (Released in 1995)? Toy Story
81%
90 Who starred in and directed Zoolander? Ben Stiller
80%
40 What rapper starred in 2002's 8 Mile? Eminem
80%
67 What Marvel superhero franchise has ten theatrical films so far? Spider-Man
80%
48 What was the prequel trilogy to the above trilogy called (Also directed by Peter Jackson in 2012-2014)? The Hobbit
80%
92 What was the first Disney movie ever? Snow White and the Seven Dwarfs
79%
54 What green Star Wars character who first introduced in 1980 lived on the swamp planet Dagobah? Yoda
79%
47 Who wrote the books that the two above films were based on? J.R.R. Tolkien
78%
100 What film is pictured in the thumbnail? Jurassic Park
78%
69 Where did the movie Lilo and Stitch takes place? Hawaii
77%
74 Who repeated the same day over and over again as Phil Conners in Groundhog Day? Bill Murray
75%
66 What three live-action actors have portrayed the above character? Tobey Maguire | Andrew Garfield | Tom Holland
75%
63 What actress was in a highly publicized court case with the above actor in 2022? Amber Heard
74%
68 Name one of the three films that have won the most Oscars (they're tied) Ben-Hur | Titanic | The Lord of the Rings: The Return of the King
74%
50 Which two actors wrote the script for Gus Van Sant's 1997 drama Good Will Hunting? Matt Damon | Ben Affleck
74%
82 What actor has Martin Scorsese worked with the most? Robert De Niro
74%
21 How many theatrical Star Wars movies are there? Twelve
72%
71 Who famously portrayed the man with no name in three spaghetti westerns in the mid 1960's? Clint Eastwood
71%
62 What animation company produced the Shrek films? DreamWorks
71%
36 Who is Luke and Andrew Wilson's famous brother? Owen Wilson
70%
55 Who has played IMF agent Ethan Hunt in seven films since 1996? Tom Cruise
68%
46 What controversial Biblical film directed by Mel Gibson was released in 2004? The Passion of the Christ
67%
89 Which comedian has a production company called Happy Madison? Adam Sandler
66%
52 What famous singer worked on the songs for The Lion King in 1994? Elton John
66%
29 What did Leonardo DiCaprio smash in "Django Unchained" that accidentally caused his hand to start bleeding? Glass
66%
65 What actor won the Best Actor Oscar back-to-back in 1994 and 1995? Tom Hanks
66%
75 What courtroom thriller had Jack Nicholson saying "You can't handle the truth"? A Few Good Men
64%
39 What famous conductor composed the music for famous film franchises such as Superman, Star Wars, Home Alone, Jurassic Park and Harry Potter? John Williams
64%
34 Richard Linklater has directed Jack Black three different times (2003, 2011, 2022) Name one of their collaborations. School of Rock | Bernie | Apollo 10 1/2: A Space Age Childhood
63%
38 Who directed and starred in Citizen Kane from 1940? Orson Welles
62%
59 What quirky director, writer and producer brought us films such as Fantastic Mr. Fox, The Royal Tenenbaums and The Grand Budapest Hotel? Wes Anderson
62%
45 What actor starred in Jurassic Park, Independence Day and four Wes Anderson films? Jeff Goldblum
61%
73 What was the first James Bond movie? Dr. No
60%
27 What movie was announced as Best Picture at the 2017 Academy Awards but turned out not to have actually won? La La Land
60%
51 What was Quentin Tarantino's first film? Reservoir Dogs
60%
12 What Christopher Nolan mystery film has a reversed chronological timeline? Memento
59%
42 What is the answer to Life, the Universe and Everything according to 2005's The Hitchhiker's Guide to the Galaxy and the book it was based on? 42
56%
35 What action star played frenemies with the above actor's character in Shanghai Noon (and it's 2003 sequel)? Jackie Chan
55%
15 In Die Hard who plays Hans Gruber? Alan Rickman
53%
83 What was Stanley Kubrick's final directorial effort? Eyes Wide Shut
50%
32 Who was in ten films with Fred Astaire? Ginger Rogers
50%
72 What is the highest grossing animated film of all time? Inside Out 2
50%
43 What actor screamed "Not the bees!" in 2006's The Wicker Man? Nicolas Cage
46%
33 Who wrote and directed the Back to the Future trilogy (also Forrest Gump)? Robert Zemeckis
46%
31 What football player almost portrayed The Terminator in the original 1984 film but was deemed too harmless seeming by the director? O.J. Simpson
44%
70 What 1999 Will Smith movie was also the title of one of his songs? Wild Wild West
44%
13 When was Fantasia 2000 originally released? 1999
43%
57 Who starred alongside the above actor in 1994's Dumb and Dumber? Jeff Daniels
43%
60 What movie (From 2011) won Adam Sandler two Razzies (For Worst Actor and Worst Actress)? Jack and Jill
42%
28 Name either actors that portrayed a character that was deemed The Chosen One in 1999. Keanu Reeves | Jake Lloyd
42%
16 What author has disowned a 1980 Stanley Kubrick film because, in his mind, it wasn't portrayed correctly? Stephen King
41%
26 The two main stars of the above film starred in two other films together. Name either of them (2011, 2013). Crazy, Stupid, Love | Gangster Squad
32%
41 Who wrote the book and the script of the above film? Douglas Adams
32%
37 What company produced movies such as Barbie, Inception, The Iron Giant and Wonder Woman? Warner Bros.
27%
56 Who has won the most Oscars ever? Walt Disney
26%
53 What is the bestselling movie soundtrack of all time? The Bodyguard
24%
1 What was the first film to have spoken lines (Released in 1927)? The Jazz Singer
24%
14 Whose brother did Vince Vaugh play in a 2007 Christmas comedy opposite Paul Giamatti? Santa Claus
23%
17 What 1985 sci-fi did Disney turn down producing due to the mother/son relationship in the film that was deemed to inappropriate? Back to the Future
22%
9 What movie franchise released the second and third installments of the trilogy plus an anime film in the same year (2003)? The Matrix
22%
10 What was the first American film to ever show a toilet? Psycho
20%
2 What was Mickey Mouse's originally named? Mortimer Mouse
19%
25 What object is featured in every single scene of Fight Club? A Starbucks cup
12%
19 What was the first movie that Adam Sandler produced? The Waterboy
10%
20 What actress has won the most Razzies ever (9 total)? Madonna
9%
18 What 1971 musical is supposedly in the same universe as Snowpiercer (2013)? Willy Wonka and the Chocolate Factory
9%
4 What day did Disney Plus launch in 2019? November 12th
8%
23 What film producer's movies have made the most money? Kevin Feige
6%
24 Orson Welles' final film took 48 years to be finished and come out. What was the name of it? The Other Side of the Wind
6%
7 Who played the above title character? Jon Heder
5%
8 What film had the tag line "He's out to prove he's got nothing to prove."? Napoleon Dynamite
5%
11 Who is the only person to ever have the number one movie, book and tv show at the same time? Michael Crichton
4%
6 What is the only A24 film to be rated PG (Released in 2019)? The Farewell
4%
5 What was the first Netflix original film? Beasts of No Nation
3%
22 What was the highest grossing film of the year 2020? Demon Slayer: Kimetsu no Yaiba – The Movie: Mugen Train
3%
3 What non-billion dollar making movie has made the most money? Oppenheimer
2%
No matching quizzes found
Score Distribution
Percent of People with Each Score
Percentile by Number Answered
Your Score History
You have not taken this quiz since the last reset